Tempest - Ethel Cain (Lyrics) - Statistics

General Stats
  • This quiz has been taken 35 times
  • The average score is 202 of 228
Answer Stats
Answer % Correct
and
100%
can
100%
for
100%
hear
100%
i
100%
me
100%
to
100%
you
100%
(you
100%
am
95%
(am
95%
do
95%
do)
95%
don't
95%
go
95%
it
95%
just
95%
my
95%
own
95%
take
95%
the
95%
them?
95%
wait
95%
waiting
95%
what
95%
who
95%
your
95%
always
91%
bed
91%
but
91%
(but
91%
can't
91%
care
91%
easy
91%
forever
91%
if
91%
i'm
91%
know
91%
late
91%
make
91%
myself
91%
naive
91%
need
91%
on
91%
please
91%
sleep
91%
someone
91%
too
91%
want
91%
young
91%
you're
91%
before
86%
cares?
86%
flowers
86%
from
86%
heard
86%
hope
86%
hurt
86%
i've
86%
lead
86%
leaves
86%
neck
86%
pick
86%
swing
86%
trains
86%
with
86%
as
82%
ask
82%
dream
82%
hate
82%
in
82%
of
82%
still
82%
that
82%
why
82%
brain
77%
'cause
77%
drain
77%
home
77%
i'll
77%
long
77%
violence
77%
watch
77%
acid
73%
around
73%
come
73%
death
73%
it's
73%
sulfuric
73%
takes
73%
things
73%
chain
68%
circling
68%
here
68%
link
68%
regret
68%
think
68%
this
68%
about
64%
all
64%
at
64%
game
64%
gonna
64%
night?)
64%
wanna
64%
writhe)
64%
lungs
59%
angry
55%
no
55%
try
55%
good)
50%
out
45%
dark
36%
stop
36%
hold
27%
No matching quizzes found
Score Distribution
Percent of People with Each Score
Percentile by Number Answered
Your Score History
You have not taken this quiz